| 000 | nam a22 a 4500 | ||
|---|---|---|---|
| 999 |
_c345194 _d345194 |
||
| 003 | BLK | ||
| 005 | 20220610124543.0 | ||
| 008 | 190916b bu |||||r|||| 00| 0 bu d | ||
| 020 | _a9789540913490 | ||
| 040 | _aBLK | ||
| 041 |
_aBUL _cBUL |
||
| 080 |
_aТрета българска държава (от 1878) _b94(497.2)"1878..." _x:070(497.2) _z94(497.2)"1878":070(497.2) |
||
| 080 |
_aОбществени тържества - Празнични приеми, посещения, юбилеи, възпоменателни тържества и др. _b394.4 _x:070(497.2)(091) _z394.4:070(497.2)(091) |
||
| 139 |
_a3 март - Празникът на Освобождението на страниците на българските вестници 1885-1944 _bТ 81 |
||
| 245 |
_a3 март - Празникът на Освобождението на страниците на българските вестници 1885-1944 _cсъстав. Лидия Чолпанова ; сн. Иван Янчев Янчев ; предг. И. Юхновски |
||
| 250 | _a2. изд. | ||
| 260 |
_9209473 _aСофия _bЗахарий Стоянов _c2019 _fКостинброд : Мултипринт ООД |
||
| 300 |
_a249 с. _bфакс. _c30 см |
||
| 380 | _a3 | ||
| 500 | _a1. изд. 2008 със загл. Празникът на Освобождението по страниците на българските вестници 1885-1944, на Акад. изд. "Проф. Марин Дринов". - Изд. на БАН. - Азбучен списък на вестниците: с. 248 | ||
| 650 | 7 |
_9167502 _aПразници - България |
|
| 650 | 7 |
_9163778 _aНационални празници |
|
| 650 | 7 |
_9170223 _aСанстефански мирен договор 1878 |
|
| 653 | 7 |
_9191908 _aнационални празници |
|
| 700 |
_9270855 _aЧолпанова, Лидия Борисова _eсъстав. |
||
| 700 |
_91631 _aЯнчев, Иван Янчев _eфотогр. |
||
| 700 |
_91236 _aЮхновски, Иван Николов _eпредг. от |
||
| 852 | _bЦб | ||
| 942 |
_cKNG _n0 _s1 _02 |
||
| 944 |
_aCR _c2019-09-16 _kМикаела Микова - Илиева _l2019-09-16 |
||
| 999 | _d345194 | ||
| 999 | _d345194 | ||
| 999 | _d345194 | ||